000 00581nam a22002057a 4500
003 OSt
005 20160527131908.0
008 160527b xxu||||| |||| 00| 0 eng d
020 _a0443104345
040 _cDLMN.
082 _aQV785S65a 2007.
100 _aPrice ,Shirley;Price,Len.
_99030
245 _aAromatherapy.
_bFor Health Professionals.
250 _a3rd ed.
260 _aPhiladelphia.
_bChurchill,Livingstone;
_c2007.
300 _axv,576p;
_bill;
_c26cm.
504 _aAppendix,Glossary and Index are included.
650 _aAromatherapy.
_99031
942 _2z
_cO_SHELF
999 _c4190
_d4190